=LDR 00000nam 2200000 4500 =001 INLIS000000000063886 =005 20240723020018 =035 ##$$a 0010-0724000183 =245 ##$$a Booklet Perbankan Indonesia 2005 /$c BANK INDOESIA =300 ##$$a 117 hlm. ; $c 21 x 11 cm =260 ##$$a Jakarta :$b Bank Indonesia,$c 2005 =082 ##$$a R. 332.110 5 =084 ##$$a R. 332.110 5 BOO b =600 #4$$a BANK INDONESIA - BOOKLET =008 240723################g##########0#ind## =990 ##$$a 1200800771 =990 ##$$a 1200800772 =990 ##$$a 1200800773 =990 ##$$a 30801940 =990 ##$$a 1200800771 =990 ##$$a 1200800772 =990 ##$$a 30801943 =990 ##$$a 1200800771 =990 ##$$a 30801940 =990 ##$$a 30801942 =990 ##$$a 30801943 =990 ##$$a 30801940